[Event "2. Obert Internacional Illes Medes"]
[Site "L'Estartit ESP"]
[Date "2007.12.28"]
[Round "1.11"]
[White "Edouard, Romain"]
[Black "Mayo Casademont, Marti"]
[Result "1-0"]
[WhiteElo "2472"]
[BlackElo "2172"]
[PlyCount "57"]
[EventDate "2007.12.28"]
[EventType "swiss"]
[EventRounds "9"]
[EventCountry "ESP"]
[Source "lmi"]
[SourceDate "2007.12.28"]

1. e4 c5 2. Nf3 e6 3. d4 cxd4 4. Nxd4 Nc6 5. Nc3 Qc7 6. Be3 a6 7. Qd2 Nf6 8.
O-O-O Bb4 9. f3 Ne5 10. Nb3 b5 11. Qf2 Nc4 12. Bxc4 bxc4 13. Bb6 Qf4+ 14. Nd2
Bxc3 15. bxc3 d5 16. Bc5 Bb7 17. Kb1 Nd7 18. Ba3 Qc7 19. Ka1 f6 20. g4 O-O-O
21. Rb1 Ne5 22. Rb6 dxe4 23. Rhb1 Bc6 24. f4 Nxg4 25. Qc5 Bd5 26. Qa5 Rd7 27.
Qxa6+ Bb7 28. Rxb7 Qxb7 29. Bd6 1-0

[Event "2. Obert Internacional Illes Medes"]
[Site "L'Estartit ESP"]
[Date "2007.12.28"]
[Round "1.24"]
[White "Fowler, John"]
[Black "Aloma Vidal, Robert"]
[Result "0-1"]
[WhiteElo "2086"]
[BlackElo "2398"]
[PlyCount "50"]
[EventDate "2007.12.28"]
[EventType "swiss"]
[EventRounds "9"]
[EventCountry "ESP"]
[Source "lmi"]
[SourceDate "2007.12.28"]

1. d4 Nf6 2. Nc3 d5 3. e4 Nxe4 4. Nxe4 dxe4 5. Bc4 g6 6. c3 Bg7 7. f3 O-O 8.
fxe4 e5 9. Nf3 exd4 10. Bg5 Qe8 11. O-O dxc3 12. bxc3 Nc6 13. Qc2 Be6 14. Bb5
a6 15. Bxc6 Qxc6 16. e5 Qc5+ 17. Kh1 Rfe8 18. Rae1 Bc4 19. Rf2 h6 20. Bh4 Bxe5
21. Nxe5 Rxe5 22. Rd1 Rae8 23. Rf3 Be2 24. Rg3 Bxd1 25. Rxg6+ Kf8 0-1

[Event "2. Obert Internacional Illes Medes"]
[Site "L'Estartit ESP"]
[Date "2007.12.28"]
[Round "1.29"]
[White "Terrieux, Kevin"]
[Black "Vogel, Joerg"]
[Result "1-0"]
[WhiteElo "2367"]
[BlackElo "2062"]
[PlyCount "45"]
[EventDate "2007.12.28"]
[EventType "swiss"]
[EventRounds "9"]
[EventCountry "ESP"]
[Source "lmi"]
[SourceDate "2007.12.28"]

1. d4 Nf6 2. c4 g6 3. Nc3 Bg7 4. e4 d6 5. Be2 O-O 6. Bg5 c5 7. d5 h6 8. Bf4
Nbd7 9. Qd2 Kh7 10. g4 Ng8 11. Be3 Ne5 12. h3 e6 13. f4 exd5 14. Nxd5 Nd7 15.
h4 Re8 16. Nh3 a6 17. Ng5+ hxg5 18. hxg5+ Nh6 19. a4 Kg8 20. gxh6 Bh8 21. h7+
Kf8 22. f5 Ne5 23. f6 1-0

[Event "2. Obert Internacional Illes Medes"]
[Site "L'Estartit ESP"]
[Date "2007.12.28"]
[Round "1.35"]
[White "Cuadras Avellana, Jordi"]
[Black "Sara, Valerio"]
[Result "1-0"]
[WhiteElo "2332"]
[BlackElo "2023"]
[PlyCount "59"]
[EventDate "2007.12.28"]
[EventType "swiss"]
[EventRounds "9"]
[EventCountry "ESP"]
[Source "lmi"]
[SourceDate "2007.12.28"]

1. e4 c5 2. Nf3 d6 3. d4 cxd4 4. Nxd4 Nf6 5. Nc3 a6 6. Be2 e5 7. Nb3 Be7 8. O-O
O-O 9. Kh1 b5 10. a4 b4 11. Nd5 Nxe4 12. Bf3 f5 13. Bxe4 fxe4 14. Nxe7+ Qxe7
15. Qd5+ Qf7 16. Qxa8 Bb7 17. Qa7 e3 18. Qxe3 Qg6 19. Qg3 Qxc2 20. Bh6 Rf7 21.
Rad1 d5 22. Na5 Ba8 23. Rc1 Qf5 24. Rfe1 Re7 25. Qg5 Qe6 26. Bxg7 Rxg7 27. Qd8+
Kf7 28. Rc7+ Kg6 29. Rxg7+ Kxg7 30. Qxb8 1-0

[Event "2. Obert Internacional Illes Medes"]
[Site "L'Estartit ESP"]
[Date "2007.12.28"]
[Round "1.43"]
[White "Hagen, Andreas Skytte"]
[Black "Suuronen, Petri"]
[Result "1-0"]
[WhiteElo "2300"]
[BlackElo "1951"]
[PlyCount "41"]
[EventDate "2007.12.28"]
[EventType "swiss"]
[EventRounds "9"]
[EventCountry "ESP"]
[Source "lmi"]
[SourceDate "2007.12.28"]

1. Nf3 d6 2. d4 Nf6 3. c4 g6 4. Nc3 Bg7 5. e4 O-O 6. Be2 e5 7. O-O Nc6 8. d5
Ne7 9. b4 Nh5 10. Re1 f5 11. Ng5 Nf6 12. f3 f4 13. c5 Bd7 14. Ba3 h6 15. Ne6
Bxe6 16. dxe6 dxc5 17. bxc5 c6 18. Qb3 Qc7 19. Red1 Rfd8 20. Rd6 Ne8 21. Rd7
1-0

[Event "2. Obert Internacional Illes Medes"]
[Site "L'Estartit ESP"]
[Date "2007.12.28"]
[Round "1.47"]
[White "Przezdziecka, Marta"]
[Black "Fox, Pierre"]
[Result "1-0"]
[WhiteElo "2259"]
[BlackElo "1835"]
[PlyCount "21"]
[EventDate "2007.12.28"]
[EventType "swiss"]
[EventRounds "9"]
[EventCountry "ESP"]
[Source "lmi"]
[SourceDate "2007.12.28"]

1. d4 d5 2. Nf3 Nf6 3. c4 dxc4 4. e3 Bg4 5. Bxc4 e6 6. Qb3 Nc6 7. Qxb7 Bb4+ 8.
Kf1 e5 9. Qxc6+ Bd7 10. Bxf7+ Kxf7 11. Qc4+ 1-0

[Event "2. Obert Internacional Illes Medes"]
[Site "L'Estartit ESP"]
[Date "2007.12.29"]
[Round "2.3"]
[White "Alonso Garcia, Rene"]
[Black "Buhmann, Rainer"]
[Result "1/2-1/2"]
[WhiteElo "2395"]
[BlackElo "2567"]
[PlyCount "29"]
[EventDate "2007.12.28"]
[EventType "swiss"]
[EventRounds "9"]
[EventCountry "ESP"]
[Source "lmi"]
[SourceDate "2007.12.28"]

1. d4 d5 2. c4 c6 3. g3 Nf6 4. Nf3 e6 5. Bg5 h6 6. Bxf6 Qxf6 7. Qc2 Nd7 8. e4
dxe4 9. Qxe4 g6 10. Bd3 Bg7 11. O-O O-O 12. Re1 c5 13. d5 Nb6 14. d6 Qd8 15.
Qf4 1/2-1/2

[Event "2. Obert Internacional Illes Medes"]
[Site "L'Estartit ESP"]
[Date "2007.12.29"]
[Round "2.16"]
[White "Almagro Llamas, Pablo"]
[Black "Hagen, Andreas Skytte"]
[Result "1-0"]
[WhiteElo "2429"]
[BlackElo "2300"]
[PlyCount "39"]
[EventDate "2007.12.28"]
[EventType "swiss"]
[EventRounds "9"]
[EventCountry "ESP"]
[Source "lmi"]
[SourceDate "2007.12.28"]

1. e4 e6 2. d4 d5 3. Nc3 Nf6 4. Bg5 dxe4 5. Nxe4 Be7 6. Bxf6 Bxf6 7. Nf3 Nd7 8.
Bd3 c5 9. Qd2 cxd4 10. O-O-O O-O 11. g4 Qc7 12. h4 Be5 13. Kb1 Bf4 14. Qe2 e5
15. Nfg5 Nb6 16. Nxh7 Rd8 17. g5 Na4 18. Qh5 Nxb2 19. Nef6+ gxf6 20. gxf6 1-0

[Event "2. Obert Internacional Illes Medes"]
[Site "L'Estartit ESP"]
[Date "2007.12.29"]
[Round "2.17"]
[White "Daurelle, Herve"]
[Black "Benitah, Yohan"]
[Result "1-0"]
[WhiteElo "2263"]
[BlackElo "2421"]
[PlyCount "39"]
[EventDate "2007.12.28"]
[EventType "swiss"]
[EventRounds "9"]
[EventCountry "ESP"]
[Source "lmi"]
[SourceDate "2007.12.28"]

1. e4 c5 2. Nf3 d6 3. d4 cxd4 4. Nxd4 Nf6 5. Nc3 a6 6. Bg5 e6 7. f4 Qc7 8. Qf3
Be7 9. O-O-O h6 10. Bh4 O-O 11. g4 Nbd7 12. g5 hxg5 13. Bxg5 b5 14. Rg1 b4 15.
Nd5 exd5 16. Nf5 Nc5 17. Nxg7 dxe4 18. Bxf6 exf3 19. Ne6+ Kh7 20. Rd5 1-0

[Event "2. Obert Internacional Illes Medes"]
[Site "L'Estartit ESP"]
[Date "2007.12.29"]
[Round "2.23"]
[White "Vehi Bach, Victor M"]
[Black "Schirmbeck, Stepanka"]
[Result "1-0"]
[WhiteElo "2369"]
[BlackElo "2054"]
[PlyCount "47"]
[EventDate "2007.12.28"]
[EventType "swiss"]
[EventRounds "9"]
[EventCountry "ESP"]
[Source "lmi"]
[SourceDate "2007.12.28"]

1. e4 c6 2. d4 d5 3. e5 Bf5 4. Be3 e6 5. Nd2 Nd7 6. Nb3 c5 7. Nxc5 Bxc5 8. dxc5
Qa5+ 9. c3 Nxe5 10. Bd4 f6 11. Bxe5 fxe5 12. Nf3 Qxc5 13. Qa4+ Ke7 14. Nxe5 Qd6
15. Qd4 Nf6 16. g4 Bc2 17. Rc1 Ba4 18. g5 Ne4 19. Nd3 Rhf8 20. Qxa4 Nxf2 21.
Nxf2 Qe5+ 22. Be2 Qe3 23. Qb4+ Kd7 24. Nd3 1-0

[Event "2. Obert Internacional Illes Medes"]
[Site "L'Estartit ESP"]
[Date "2007.12.29"]
[Round "2.43"]
[White "Suuronen, Petri"]
[Black "Vita, Fabrizio"]
[Result "1/2-1/2"]
[WhiteElo "1951"]
[BlackElo "2106"]
[PlyCount "50"]
[EventDate "2007.12.28"]
[EventType "swiss"]
[EventRounds "9"]
[EventCountry "ESP"]
[Source "lmi"]
[SourceDate "2007.12.28"]

1. Nf3 c5 2. c4 g6 3. e4 Bg7 4. d4 cxd4 5. Nxd4 Nc6 6. Be3 Nf6 7. Nc3 O-O 8.
Be2 d6 9. O-O Bd7 10. Rc1 a5 11. f3 a4 12. Nd5 Nxd5 13. cxd5 Nxd4 14. Bxd4
Bxd4+ 15. Qxd4 Qa5 16. Rc3 Rfc8 17. Rfc1 f6 18. Kf1 Kf7 19. Bd3 Rxc3 20. Rxc3
Rc8 21. Rxc8 Bxc8 22. Qc3 Qxc3 23. bxc3 Bd7 24. a3 Ke8 25. Ke2 Kd8 1/2-1/2

[Event "2. Obert Internacional Illes Medes"]
[Site "L'Estartit ESP"]
[Date "2007.12.29"]
[Round "3.1"]
[White "Alsina Leal, Daniel"]
[Black "Lopez Martinez, Josep Manuel"]
[Result "1/2-1/2"]
[WhiteElo "2435"]
[BlackElo "2563"]
[PlyCount "54"]
[EventDate "2007.12.28"]
[EventType "swiss"]
[EventRounds "9"]
[EventCountry "ESP"]
[Source "lmi"]
[SourceDate "2007.12.28"]

1. e4 e5 2. Nf3 Nc6 3. Bb5 a6 4. Bxc6 dxc6 5. O-O Bg4 6. h3 Bxf3 7. Qxf3 Qd7 8.
d3 Ne7 9. Nd2 c5 10. Nc4 Nc6 11. Qg3 f6 12. f4 b5 13. Ne3 Nd4 14. Qf2 exf4 15.
Nd5 Bd6 16. Bxf4 Bxf4 17. Nxf4 Qd6 18. a4 O-O 19. c3 Nc6 20. Qc2 Kh8 21. Kh1
Ne5 22. Rad1 Rfe8 23. b3 c6 24. d4 Nf7 25. e5 fxe5 26. Nd3 c4 27. bxc4 bxc4
1/2-1/2

[Event "2. Obert Internacional Illes Medes"]
[Site "L'Estartit ESP"]
[Date "2007.12.29"]
[Round "3.25"]
[White "Hansen, Torbjorn Ringdal"]
[Black "Wong Castaneda, Arturo"]
[Result "1-0"]
[WhiteElo "2354"]
[BlackElo "2100"]
[PlyCount "61"]
[EventDate "2007.12.28"]
[EventType "swiss"]
[EventRounds "9"]
[EventCountry "ESP"]
[Source "lmi"]
[SourceDate "2007.12.28"]

1. e4 e5 2. Nf3 d6 3. d4 exd4 4. Nxd4 Nf6 5. Nc3 Be7 6. g3 O-O 7. Bg2 Bd7 8.
O-O Nc6 9. Nde2 Re8 10. h3 Bf8 11. g4 h6 12. Ng3 Rb8 13. Be3 a5 14. a4 Ne5 15.
b3 c5 16. Nf5 Be6 17. Qd2 Qb6 18. Rad1 Rbd8 19. g5 Nxe4 20. Nxh6+ gxh6 21. Nxe4
hxg5 22. Bxg5 Bg7 23. Nf6+ Kf8 24. Nxe8 Rxe8 25. f4 c4+ 26. Kh1 Nc6 27. f5 Bc8
28. f6 Bh8 29. Bh6+ Kg8 30. Qg5+ Kh7 31. Bg7 1-0

[Event "2. Obert Internacional Illes Medes"]
[Site "L'Estartit ESP"]
[Date "2007.12.29"]
[Round "3.29"]
[White "Van Weersel, Arlette"]
[Black "Mestre Bellido, Hector"]
[Result "1-0"]
[WhiteElo "2174"]
[BlackElo "2307"]
[PlyCount "75"]
[EventDate "2007.12.28"]
[EventType "swiss"]
[EventRounds "9"]
[EventCountry "ESP"]
[Source "lmi"]
[SourceDate "2007.12.28"]

1. e4 e5 2. Nf3 Nc6 3. Bc4 Bc5 4. c3 Nf6 5. d3 a6 6. Bb3 Ba7 7. O-O O-O 8. Be3
d5 9. Bxa7 Rxa7 10. Qe2 Re8 11. Nbd2 Ra8 12. Rfe1 d4 13. Rad1 Bg4 14. h3 Bh5
15. Nf1 Qd6 16. Ng3 Bg6 17. Nh4 Qc5 18. Qd2 dxc3 19. bxc3 Rad8 20. Ngf5 Rd7 21.
Qg5 Bxf5 22. Nxf5 Qf8 23. Re3 Red8 24. d4 Kh8 25. d5 Ne7 26. c4 Nxf5 27. Qxf5
Qd6 28. Rde1 g6 29. Qg5 Kg7 30. c5 Qe7 31. Ba4 c6 32. d6 Qe6 33. Bb3 Qe8 34. f4
exf4 35. Qxf4 Nh5 36. Qh2 b6 37. g4 bxc5 38. e5 1-0

[Event "2. Obert Internacional Illes Medes"]
[Site "L'Estartit ESP"]
[Date "2007.12.29"]
[Round "3.34"]
[White "Lillo Ferrer, J M."]
[Black "Fox, Pierre"]
[Result "1-0"]
[WhiteElo "2208"]
[BlackElo "1835"]
[PlyCount "61"]
[EventDate "2007.12.28"]
[EventType "swiss"]
[EventRounds "9"]
[EventCountry "ESP"]
[Source "lmi"]
[SourceDate "2007.12.28"]

1. e4 e5 2. Nf3 Nc6 3. Bc4 Nf6 4. d4 exd4 5. e5 Ng4 6. Qe2 Qe7 7. Bf4 f6 8.
exf6 Qxe2+ 9. Kxe2 Nxf6 10. Re1 Be7 11. Kf1 d6 12. Na3 Bf5 13. Nb5 Kd7 14.
Nfxd4 g6 15. Nxf5 gxf5 16. Be6+ Kd8 17. Rad1 Nh5 18. Bh6 Bf6 19. c3 a6 20. Nd4
Nxd4 21. cxd4 Bg7 22. Bg5+ Bf6 23. Bxf6+ Nxf6 24. Bxf5 Rf8 25. Re6 h5 26. Rde1
Nd5 27. g3 a5 28. Be4 Nf6 29. Bxb7 Rb8 30. Bc6 Rxb2 31. Rxf6 1-0

[Event "2. Obert Internacional Illes Medes"]
[Site "L'Estartit ESP"]
[Date "2007.12.29"]
[Round "3.38"]
[White "Dijon, Frederic"]
[Black "Tallo Dominguez, Imar"]
[Result "0-1"]
[WhiteElo "2103"]
[BlackElo "2011"]
[PlyCount "60"]
[EventDate "2007.12.28"]
[EventType "swiss"]
[EventRounds "9"]
[EventCountry "ESP"]
[Source "lmi"]
[SourceDate "2007.12.28"]

1. e4 c5 2. Nf3 d6 3. d4 cxd4 4. Nxd4 Nf6 5. Bg5 a6 6. f4 Qc7 7. Qf3 e6 8. Nc3
b5 9. O-O-O Bb7 10. Bd3 Nbd7 11. Rhe1 Rc8 12. Nd5 Qa5 13. Nb3 Qxa2 14. Nc3 Rxc3
15. bxc3 Qa3+ 16. Kd2 Nc5 17. Nd4 Na4 18. Nxb5 Qc5 19. Bxf6 gxf6 20. Qe3 axb5
21. Bxb5+ Qxb5 22. Qa7 Qd7 23. Rb1 Nc5 24. Rb4 Bg7 25. Reb1 Bc8 26. Qa8 O-O 27.
f5 Bh6+ 28. Ke1 exf5 29. e5 Qe6 30. Qf3 Qxe5+ 0-1

[Event "2. Obert Internacional Illes Medes"]
[Site "L'Estartit ESP"]
[Date "2007.12.29"]
[Round "3.46"]
[White "Fowler, John"]
[Black "Pruja Ramirez De Cartagena, Mar"]
[Result "0-1"]
[WhiteElo "2086"]
[BlackElo "2002"]
[PlyCount "42"]
[EventDate "2007.12.28"]
[EventType "swiss"]
[EventRounds "9"]
[EventCountry "ESP"]
[Source "lmi"]
[SourceDate "2007.12.28"]

1. d4 Nf6 2. Nc3 d5 3. e4 dxe4 4. f3 exf3 5. Nxf3 Bg4 6. h3 Bxf3 7. Qxf3 c6 8.
Be3 e6 9. Bd3 Be7 10. O-O O-O 11. g4 Nbd7 12. Rae1 Nd5 13. Ne4 Nxe3 14. Qxe3
Nf6 15. Ng5 Nd5 16. Qe4 g6 17. Nxf7 Rxf7 18. Rxf7 Kxf7 19. Rf1+ Kg7 20. Qxe6
Bf6 21. c4 Nc7 0-1

[Event "2. Obert Internacional Illes Medes"]
[Site "L'Estartit ESP"]
[Date "2007.12.29"]
[Round "3.47"]
[White "Slings, Stefan"]
[Black "Rautanen, Sari"]
[Result "1-0"]
[WhiteElo "2076"]
[BlackElo "1961"]
[PlyCount "43"]
[EventDate "2007.12.28"]
[EventType "swiss"]
[EventRounds "9"]
[EventCountry "ESP"]
[Source "lmi"]
[SourceDate "2007.12.28"]

1. e4 d6 2. d4 Nf6 3. Nc3 g6 4. Be2 Bg7 5. Be3 c6 6. g4 b5 7. g5 Nfd7 8. Bf3
Nb6 9. b3 Bb7 10. h4 h5 11. gxh6 Bxh6 12. Bxh6 Rxh6 13. Qd2 Rh7 14. h5 gxh5 15.
Qg5 Kd7 16. Qf5+ e6 17. Qxh7 Na6 18. e5 dxe5 19. dxe5 Qc7 20. Nxb5 cxb5 21.
O-O-O+ Nd5 22. Qxf7+ 1-0

[Event "2. Obert Internacional Illes Medes"]
[Site "L'Estartit ESP"]
[Date "2007.12.30"]
[Round "4.4"]
[White "Alsina Leal, Daniel"]
[Black "Bartel, Mateusz"]
[Result "1/2-1/2"]
[WhiteElo "2435"]
[BlackElo "2608"]
[PlyCount "36"]
[EventDate "2007.12.28"]
[EventType "swiss"]
[EventRounds "9"]
[EventCountry "ESP"]
[Source "lmi"]
[SourceDate "2007.12.28"]

1. e4 e5 2. Nf3 Nc6 3. Bb5 a6 4. Bxc6 dxc6 5. O-O Qf6 6. d4 exd4 7. Bg5 Qd6 8.
Nxd4 Be7 9. Bxe7 Nxe7 10. Nc3 Bd7 11. Nde2 O-O-O 12. Qd4 Qxd4 13. Nxd4 c5 14.
Nde2 Be6 15. Rfd1 Nc6 16. Nd5 Rhe8 17. Ne3 Nd4 18. Nf4 g5 1/2-1/2

[Event "2. Obert Internacional Illes Medes"]
[Site "L'Estartit ESP"]
[Date "2007.12.30"]
[Round "4.21"]
[White "Aloma Vidal, Robert"]
[Black "Lillo Ferrer, J M."]
[Result "1-0"]
[WhiteElo "2398"]
[BlackElo "2208"]
[PlyCount "43"]
[EventDate "2007.12.28"]
[EventType "swiss"]
[EventRounds "9"]
[EventCountry "ESP"]
[Source "lmi"]
[SourceDate "2007.12.28"]

1. d4 Nf6 2. Nf3 g6 3. c4 Bg7 4. Nc3 O-O 5. e4 d6 6. h3 Na6 7. Bg5 Qe8 8. Be2
e5 9. d5 Nd7 10. g4 h6 11. Be3 f5 12. gxf5 gxf5 13. exf5 Ndc5 14. Rg1 Kh7 15.
Ng5+ hxg5 16. Bh5 Qd7 17. Bg6+ Kg8 18. Qh5 Rxf5 19. O-O-O Qe7 20. Qh7+ Kf8 21.
Bxg5 e4 22. Bxe7+ 1-0

[Event "2. Obert Internacional Illes Medes"]
[Site "L'Estartit ESP"]
[Date "2007.12.30"]
[Round "4.33"]
[White "Leks, Hanna"]
[Black "Lillo Castan, Victor"]
[Result "1-0"]
[WhiteElo "2199"]
[BlackElo "2069"]
[PlyCount "45"]
[EventDate "2007.12.28"]
[EventType "swiss"]
[EventRounds "9"]
[EventCountry "ESP"]
[Source "lmi"]
[SourceDate "2007.12.28"]

1. e4 e5 2. Nf3 Nc6 3. Bc4 Nf6 4. d4 exd4 5. e5 d5 6. Bb5 Ne4 7. Nxd4 Bc5 8.
Be3 O-O 9. Nxc6 bxc6 10. Bxc5 Nxc5 11. Bxc6 Ba6 12. Nc3 d4 13. Nd5 Rb8 14. Qxd4
Ne6 15. Qc3 Qg5 16. h4 Qh6 17. g4 Rfd8 18. g5 Nxg5 19. Ne7+ Kh8 20. hxg5 Qe6
21. Be4 Qxe7 22. Rxh7+ Kg8 23. Rh8+ 1-0

[Event "2. Obert Internacional Illes Medes"]
[Site "L'Estartit ESP"]
[Date "2007.12.30"]
[Round "4.36"]
[White "Le Diouron, Aurelie"]
[Black "Schirmbeck, Hannes"]
[Result "0-1"]
[WhiteElo "2022"]
[BlackElo "2162"]
[PlyCount "22"]
[EventDate "2007.12.28"]
[EventType "swiss"]
[EventRounds "9"]
[EventCountry "ESP"]
[Source "lmi"]
[SourceDate "2007.12.28"]

1. e4 g6 2. d4 Bg7 3. Nc3 d6 4. f4 c6 5. Nf3 Bg4 6. Be2 Nd7 7. O-O Qb6 8. Be3
Qxb2 9. Na4 Qa3 10. c3 b5 11. Nb2 Qxb2 0-1

[Event "2. Obert Internacional Illes Medes"]
[Site "L'Estartit ESP"]
[Date "2007.12.31"]
[Round "5.4"]
[White "Groetz, Harald"]
[Black "Fluvia, Jordi"]
[Result "1/2-1/2"]
[WhiteElo "2321"]
[BlackElo "2508"]
[PlyCount "26"]
[EventDate "2007.12.28"]
[EventType "swiss"]
[EventRounds "9"]
[EventCountry "ESP"]
[Source "lmi"]
[SourceDate "2007.12.28"]

1. e4 d6 2. d4 Nf6 3. Nc3 g6 4. Bg5 Bg7 5. f4 h6 6. Bh4 c5 7. e5 Nh5 8. dxc5
dxe5 9. Qxd8+ Kxd8 10. O-O-O+ Bd7 11. fxe5 g5 12. Be1 Bxe5 13. Nd5 Nc6 1/2-1/2

[Event "2. Obert Internacional Illes Medes"]
[Site "L'Estartit ESP"]
[Date "2007.12.31"]
[Round "5.7"]
[White "Narciso Dublan, Marc"]
[Black "Vernay, Clovis"]
[Result "1-0"]
[WhiteElo "2546"]
[BlackElo "2396"]
[PlyCount "79"]
[EventDate "2007.12.28"]
[EventType "swiss"]
[EventRounds "9"]
[EventCountry "ESP"]
[Source "lmi"]
[SourceDate "2007.12.28"]

1. d4 d5 2. c4 c6 3. Nf3 Nf6 4. Nc3 e6 5. e3 Nbd7 6. Qc2 Bd6 7. b3 O-O 8. Be2
a6 9. O-O e5 10. cxd5 cxd5 11. dxe5 Nxe5 12. Bb2 Nc6 13. Rad1 Re8 14. g3 Be6
15. Ng5 h6 16. Nxe6 fxe6 17. Qb1 Qe7 18. Bf3 Rad8 19. Bg2 Ba3 20. Ba1 Qf7 21.
Rd2 Kh8 22. Ne2 Bb4 23. Rdd1 Kg8 24. Nd4 e5 25. Nxc6 bxc6 26. Rc1 Qd7 27. Qd3
a5 28. Rc2 a4 29. bxa4 c5 30. a3 c4 31. Rxc4 dxc4 32. Qxc4+ Kh8 33. axb4 Qd3
34. Qxd3 Rxd3 35. a5 e4 36. Bxf6 gxf6 37. Rb1 f5 38. Bh3 Rd5 39. b5 Rb8 40. Bf1
1-0

[Event "2. Obert Internacional Illes Medes"]
[Site "L'Estartit ESP"]
[Date "2007.12.31"]
[Round "5.8"]
[White "Czakon, Jakub"]
[Black "Gallardo Garcia, Andres"]
[Result "1-0"]
[WhiteElo "2510"]
[BlackElo "2357"]
[PlyCount "65"]
[EventDate "2007.12.28"]
[EventType "swiss"]
[EventRounds "9"]
[EventCountry "ESP"]
[Source "lmi"]
[SourceDate "2007.12.28"]

1. d4 d5 2. c4 c6 3. Nc3 dxc4 4. e4 b5 5. a4 b4 6. Nce2 Nf6 7. Ng3 Ba6 8. Nf3
e6 9. Be2 c5 10. e5 Nd5 11. O-O Be7 12. dxc5 Nd7 13. Qd4 Qc7 14. Nf5 exf5 15.
Qxd5 O-O 16. e6 Nf6 17. exf7+ Kh8 18. Qe6 Bb7 19. Bxc4 Bxf3 20. gxf3 Bxc5 21.
Bg5 Bd4 22. Qe2 Nh5 23. Rac1 Qd6 24. Kh1 Qg6 25. Rg1 Qb6 26. Bd5 Rab8 27. Rc6
Qa5 28. Qc4 Bxf2 29. Rf1 Bb6 30. Be7 Nf4 31. Bxf8 Rxf8 32. Rc8 Bd8 33. Re1 1-0

[Event "2. Obert Internacional Illes Medes"]
[Site "L'Estartit ESP"]
[Date "2007.12.31"]
[Round "5.14"]
[White "Rombaldoni, Denis"]
[Black "Kadziolka, Beata"]
[Result "1-0"]
[WhiteElo "2402"]
[BlackElo "2295"]
[PlyCount "63"]
[EventDate "2007.12.28"]
[EventType "swiss"]
[EventRounds "9"]
[EventCountry "ESP"]
[Source "lmi"]
[SourceDate "2007.12.28"]

1. d4 f5 2. Nc3 Nf6 3. Bg5 d5 4. Bxf6 exf6 5. e3 Be6 6. Bd3 Qd7 7. Nge2 Nc6 8.
a3 O-O-O 9. b4 Kb8 10. Na4 Bd6 11. Nc5 Bxc5 12. bxc5 g5 13. Qd2 Ne7 14. a4 Ka8
15. a5 h5 16. O-O h4 17. Rfb1 f4 18. exf4 gxf4 19. Nxf4 Bf5 20. Bb5 c6 21. Bf1
Rb8 22. Ra3 Qc7 23. Ne2 Ng6 24. Nc3 Nf4 25. Na4 Rbg8 26. g3 hxg3 27. fxg3 Nh3+
28. Bxh3 Rxh3 29. a6 bxa6 30. Nb6+ axb6 31. Rxa6+ Kb7 32. Rbxb6+ 1-0

[Event "2. Obert Internacional Illes Medes"]
[Site "L'Estartit ESP"]
[Date "2007.12.31"]
[Round "5.16"]
[White "Van Weersel, Arlette"]
[Black "Alonso Garcia, Rene"]
[Result "1/2-1/2"]
[WhiteElo "2174"]
[BlackElo "2395"]
[PlyCount "57"]
[EventDate "2007.12.28"]
[EventType "swiss"]
[EventRounds "9"]
[EventCountry "ESP"]
[Source "lmi"]
[SourceDate "2007.12.28"]

1. e4 e5 2. Nf3 Nc6 3. Bc4 Bc5 4. c3 Nf6 5. d3 a6 6. Bb3 d6 7. Nbd2 b5 8. h3
Bb6 9. Nf1 Be6 10. Be3 Bxe3 11. Nxe3 d5 12. Ng5 O-O 13. Qf3 dxe4 14. Nxe4 Bxb3
15. Nxf6+ Qxf6 16. Qxf6 gxf6 17. axb3 Rfd8 18. Ke2 Ne7 19. b4 Kg7 20. Rhd1 Kg6
21. Nf1 Nc6 22. Nd2 a5 23. bxa5 Nxa5 24. b4 Nc6 25. Nb3 h5 26. Rxa8 Rxa8 27.
Ra1 Rd8 28. Ra6 Ne7 29. g3 1/2-1/2

[Event "2. Obert Internacional Illes Medes"]
[Site "L'Estartit ESP"]
[Date "2007.12.31"]
[Round "5.19"]
[White "Christensen, Thomas"]
[Black "Fluvia Poyatos, Joan"]
[Result "0-1"]
[WhiteElo "2252"]
[BlackElo "2469"]
[PlyCount "72"]
[EventDate "2007.12.28"]
[EventType "swiss"]
[EventRounds "9"]
[EventCountry "ESP"]
[Source "lmi"]
[SourceDate "2007.12.28"]

1. d4 Nf6 2. Bg5 d5 3. e3 c6 4. Bxf6 exf6 5. c4 dxc4 6. Bxc4 Bd6 7. Nc3 f5 8.
Nf3 Nd7 9. O-O O-O 10. Rb1 a5 11. a3 a4 12. Bd3 Qa5 13. d5 Nf6 14. dxc6 bxc6
15. Qc2 g6 16. Ne2 Bb7 17. Rfd1 Be7 18. Nf4 c5 19. Rbc1 Rab8 20. Ne5 Qc7 21.
Nc4 Bc6 22. Ne2 Ng4 23. g3 Ba8 24. Nc3 Bf6 25. Be2 Bxc3 26. Qxc3 Rb3 27. Qd2
Ne5 28. Nxe5 Qxe5 29. Rc3 Kg7 30. Rdc1 Rfb8 31. R1c2 Rxc3 32. Rxc3 Qe4 33. f3
Qb1+ 34. Qc1 Qxc1+ 35. Rxc1 Rxb2 36. Kf1 Bd5 0-1

[Event "2. Obert Internacional Illes Medes"]
[Site "L'Estartit ESP"]
[Date "2007.12.31"]
[Round "5.24"]
[White "Hansen, Torbjorn Ringdal"]
[Black "Bangsbro, Allan"]
[Result "1-0"]
[WhiteElo "2354"]
[BlackElo "2141"]
[PlyCount "57"]
[EventDate "2007.12.28"]
[EventType "swiss"]
[EventRounds "9"]
[EventCountry "ESP"]
[Source "lmi"]
[SourceDate "2007.12.28"]

1. e4 d5 2. exd5 Qxd5 3. Nf3 Nf6 4. d4 Bg4 5. Be2 e6 6. O-O Be7 7. c4 Qd6 8.
Nc3 a6 9. Be3 O-O 10. Qb3 Qb4 11. Qc2 Bf5 12. Qc1 Qd6 13. Rd1 c6 14. h3 Ne4 15.
Nxe4 Bxe4 16. Bf4 Qd8 17. Qe3 Bf5 18. Qb3 Qc8 19. Rac1 Nd7 20. d5 Bf6 21. g4
Bg6 22. g5 e5 23. Be3 Bd8 24. Nh4 Be4 25. Bg4 c5 26. Nf5 Qc7 27. d6 Qb6 28.
Ne7+ Kh8 29. Bxd7 1-0

[Event "2. Obert Internacional Illes Medes"]
[Site "L'Estartit ESP"]
[Date "2007.12.31"]
[Round "5.28"]
[White "Wong Castaneda, Arturo"]
[Black "Matthiesen, Arne"]
[Result "1/2-1/2"]
[WhiteElo "2100"]
[BlackElo "2317"]
[PlyCount "49"]
[EventDate "2007.12.28"]
[EventType "swiss"]
[EventRounds "9"]
[EventCountry "ESP"]
[Source "lmi"]
[SourceDate "2007.12.28"]

1. e4 e6 2. Nf3 d5 3. Nc3 Nf6 4. e5 Nfd7 5. d4 c5 6. dxc5 Nc6 7. Bf4 Bxc5 8.
Bd3 f6 9. exf6 Nxf6 10. O-O O-O 11. Qe2 Bd7 12. Rae1 a6 13. a3 Rc8 14. Bg3 Qe7
15. Bh4 h6 16. Ne5 Nxe5 17. Qxe5 Qd6 18. Qe2 Qb6 19. Nd1 Bd6 20. c4 dxc4 21.
Bxc4 Nd5 22. Bg3 Bxg3 23. hxg3 Qd4 24. Bd3 Rf6 25. Qe4 1/2-1/2